000 00772nam a2200205 a 4500
001 000034289
005 20200930073624.0
008 110929s2008 xxu 000 0 spa d
020 _a9781929280469
040 _aDO-SdBNP
_bspa
_cBNPHU
100 1 _aFurui, Yoshikichi,
_d1937-
_959717
240 1 0 _aHakuhatsu no uta.
_lEnglish
245 1 0 _aWhite-haired melody /
_cFurui Yoshikichi ; translated by Meredith McKinney.
260 _aStates of América :
_bCenter for Japanese Studies,
_bThe University of Michigan,
_c2008.
300 _a275 p. ;
_c24 cm.
490 1 _aMichigan monograph series in Japanese studies ;
_vno. 61
700 1 _aMcKinney, Meredith,
_d1950-
_etr.
_959718
830 0 _aMichigan monograph series in Japanese studies ;
_cno. 61
_959719
049 _aBNPD
999 _c33780
_d33780